Statistics for Nicknames of 2018 FIFA World Cup Soccer Teams

Click here to take the quiz!

General Stats

  • This quiz has been taken 109 times
  • The average score is 19 of 32

Answer Stats

HintAnswer% Correct
Les BleusFrance
91%
Die MannschaftGermany
85%
The SocceroosAustralia
82%
The Three LionsEngland
81%
Blue SamuraiJapan
79%
Al ’AkhdarSaudi Arabia
77%
El-Fara'enaEgypt
75%
La Furia RojaSpain
75%
Biało-czerwoniPoland
66%
Los IncasPeru
66%
The Super EaglesNigeria
65%
CanarinhoBrazil
63%
Los GauchosArgentina
63%
Seleção das QuinasPortugal
63%
De Rode DuivelsBelgium
62%
Taeguk WarriorsSouth Korea
59%
SbornayaRussia
57%
El TriMexico
53%
BlågultSweden
49%
Esoud ’Al-’AtlasMorocco
49%
Les Aigles de CarthageTunisia
49%
Los CafeterosColombia
48%
Los CharrúasUruguay
46%
Los TicosCosta Rica
44%
Les Lions de la TerangaSenegal
44%
Strákarnir OkkarIceland
43%
VatreniCroatia
42%
The ______ DynamiteDenmark
41%
La Marea RojaPanama
41%
La NatiSwitzerland
38%
Beli OrloviSerbia
37%
Team MelliIran
37%

Score Distribution

Percentile by Number Answered

Percent of People with Each Score

Your Score History

You have not taken this quiz